Tilastot visalle Afrikan Valtiot - Aakkosjärjestyksessä

Klikkaa tästä pelataksesi tätä visaa!

Yleistilastot

  • Tätä visaa on pelattu 708 kertaa
  • Keskiarvotulos 25 / 54

Vastaukset kartalla

Vastauksille on annettu kartalla punavihreä väri sen mukaan, kuinka moni on saanut sen oikein.
 

Vastaustilastot

Country% Oikein
Algeria
99%
Angola
92%
Benin
83%
Botswana
77%
Burkina Faso
76%
Burundi
72%
Djibouti
71%
Eritrea
70%
Egypti
68%
Etelä-Afrikka
66%
Etelä-Sudan
65%
Etiopia
65%
Gabon
64%
Gambia
63%
Ghana
60%
Guinea
59%
Guinea-Bissau
58%
Kamerun
55%
Kenia
54%
Kap Verde
53%
Kongon demokraattinen
tasavalta
51%
Keski-Afrikan tasavalta
49%
Komorit
46%
Kongon tasavalta
46%
Liberia
46%
Libya
45%
Lesotho
44%
Mali
44%
Madagaskar
43%
Mauritania
43%
Malawi
42%
Mauritius
42%
Marokko
40%
Mosambik
38%
Namibia
37%
Niger
36%
Nigeria
36%
Zimbabwe
31%
Norsunluurannikko
30%
Ruanda
27%
Sambia
27%
Päiväntasaajan Guinea
25%
Senegal
25%
Somalia
25%
Uganda
25%
São Tomé ja Príncipe
24%
Seychellit
24%
Sudan
24%
Tansania
24%
Sierra Leone
23%
Tšad
23%
Tunisia
22%
Swazimaa
21%
Togo
21%

Tulosjakauma

Persentiili vastausten määrän mukaan

Jokaisen tuloksen saaneiden osuus

Tuloshistoriasi

Et ole pelannut tätä visaa